| 000 | 00399nam a2200157Ia 4500 | ||
|---|---|---|---|
| 008 | 120927t1984 xxu||||| |||| 00| 0 sin d | ||
| 041 | _asin | ||
| 080 |
_a8 s [3-053.2][24] (Youth) _bPER |
||
| 245 | _aචන්දන තිලක | ||
| 246 | _aChandana Thilaka | ||
| 260 |
_aAuthor _c1984 |
||
| 300 | _b51p, ill, 18 cm | ||
| 942 | _cBK | ||
| 999 |
_c42863 _d42863 |
||
| 003 | LK-CoDNM | ||
| 040 |
_aLK-CoDNM _dLK-CoDNM _eLK-CoDNM |
||